000 00276nam a2200109Ia 4500
008 190216s9999||||xx |||||||||||||| ||und||
100 _aGupta R L
245 0 _aProblems And Solutions In Advanced Accounting
260 _bSulthan Chand&Sons
_c1999
300 _a818p
942 _cBK
999 _c4708
_d4708